| 000 | 00935nam a2200205 a 4500 | ||
|---|---|---|---|
| 005 | 20240411063738.0 | ||
| 008 | 020821s1940 mx r 000 0 spa d | ||
| 035 | _aUPN01000118449 | ||
| 049 | _aCE | ||
| 050 | 4 |
_aF1224 _bM6.5a |
|
| 245 | 0 | 0 |
_aMéxico a través de los siglos / _cbajo la dir. de Vicente Riva Palacio ; escrita por Alfredo Chavero ... [et al.]. |
| 260 |
_aMéxico : _bG.S. López, _c1940. |
||
| 300 |
_a4 v. : _bil. |
||
| 500 | _a"Historia general y completa del desenvolvimiento social, político..." | ||
| 505 | 8 |
_aContenido: _gv.1. Tomo Y y II. _tHistoria antigua y de la conquista -- _gv.2. Tomo I y II. _tEl virreinato -- _gv.3. Tomo I y II. _tLa guerra de independencia. _gv.4. Tomo I y II. _tMéxico independiente -- _gv.5. Tomo I y II. _tLa reforma. |
|
| 651 | 4 |
_aMéxico _xHistoria _94558 |
|
| 700 | 1 |
_aRiva Palacio, Vicente, _d1832-1896 _eed. |
|
| 700 | 1 |
_aChavero, Alfredo, _d1841-1906 _ecoaut. _930758 |
|
| 905 | _aLibro | ||
| 999 |
_c90824 _d90824 |
||